Statystyki dla Państwa, zaczynające się na daną litere na początku i końcu.

Kliknij tutaj aby rozwiązać quiz!

Ogólne statystyki

  • Ten quiz został rozwiązany 773 razy
  • Średni wynik to 11 z 16

Statystyki odpowiedzi

Zaczyną się i kończy na...Kraj% Poprawnych
W....a B......aWielka Brytania
87%
C..rCypr
82%
R.......a P.........j A....iRepublika Południowej Afryki
82%
S...y Z.........eStany Zjednoczone
80%
R...aRosja
75%
E.....aEstonia
69%
H.......aHiszpania
68%
J.....aJaponia
67%
U.....aUkraina
66%
C...yChiny
64%
E...tEgipt
63%
A.......aArgentyna
61%
K........nKazachstan
61%
N.....aNigeria
57%
B......aBrazylia
54%
S...nSudan
51%

Rozkład punktacji

Percentyl według liczby udzielonych odpowiedzi

Procent ludzi z każdym wynikiem

Twoja historia wyników

Nie rozwiązałeś tego quizu